[Event "Brno Open FIDE"]
[Site "?"]
[Date "2016.08.21"]
[Round "1"]
[White "Janous, Petr"]
[Black "Strebkovs, Andrejs"]
[Result "0-1"]
[WhiteElo "1918"]
[BlackElo "2285"]
[PlyCount "96"]
[EventDate "2016.08.??"]

1. e4 d5 2. exd5 Qxd5 3. Nc3 Qd6 4. d4 Nf6 5. Nf3 g6 6. h3 Bg7 7. Bc4 O-O 8.
O-O a6 9. a4 Nc6 10. Ne2 b6 11. Bf4 Qd8 12. c3 Bb7 13. b4 e6 14. Qc1 Ne7 15.
Ne5 Nf5 16. Ng3 Nd6 17. Be2 Nd5 18. Bd2 b5 19. a5 Qe7 20. Re1 f6 21. Nd3 Rae8
22. Nc5 Bc8 23. Bf3 Qf7 24. Bxd5 exd5 25. Qc2 f5 26. f3 f4 27. Nf1 g5 28. Rxe8
Rxe8 29. Re1 Rxe1 30. Bxe1 Qe7 31. Bd2 Nf5 32. Qd1 Nh4 33. Qb1 Qf7 34. Qb2 h5
35. Be1 Nf5 36. Bf2 Qg6 37. Nd2 Qf7 38. Ndb3 Nh6 39. Nd3 g4 40. hxg4 hxg4 41.
Qd2 g3 42. Be1 Qh5 43. Nxf4 Qh2+ 44. Kf1 Nf5 45. Nh3 Bh6 46. f4 Nh4 47. Ng1
Bxf4 48. Qe2 Be3 0-1

[Event "Brno Open FIDE"]
[Site "?"]
[Date "2016.08.21"]
[Round "1"]
[White "Chudinovskis, Alexander"]
[Black "Straka, Vojtech"]
[Result "1/2-1/2"]
[WhiteElo "2258"]
[BlackElo "1917"]
[PlyCount "72"]
[EventDate "2016.08.??"]

1. d4 d5 2. Nf3 Nf6 3. c4 e6 4. Nc3 c6 5. Bg5 Be7 6. e3 O-O 7. Qc2 Nbd7 8. Rd1
a6 9. a3 Re8 10. Bd3 dxc4 11. Bxc4 b5 12. Ba2 Bb7 13. O-O Nd5 14. Bxe7 Qxe7 15.
b4 a5 16. Bxd5 exd5 17. Rb1 axb4 18. axb4 Nb6 19. Rfe1 Nc4 20. Rb3 Bc8 21. h3
Qf6 22. Qd1 Qg6 23. Kh2 Bf5 24. Nh4 Qf6 25. Nxf5 Qxf5 26. Rf1 g6 27. Kg1 Qe6
28. Re1 Kg7 29. Qc2 Qf6 30. Rbb1 Ra3 31. Ne2 Rea8 32. Nc1 R8a4 33. Rd1 Nd6 34.
Nd3 Ne4 35. Rbc1 Nc3 36. Rd2 Ne4 1/2-1/2

[Event "Brno Open FIDE"]
[Site "?"]
[Date "2016.08.21"]
[Round "1"]
[White "Dvorak, Adam"]
[Black "Mencik, Pavel"]
[Result "1-0"]
[WhiteElo "2211"]
[BlackElo "1893"]
[PlyCount "105"]
[EventDate "2016.08.??"]

1. b3 e5 2. Bb2 Nc6 3. e3 d5 4. Bb5 Bd6 5. Nf3 Qe7 6. d4 e4 7. Nfd2 Nf6 8. c4
Bb4 9. O-O a6 10. cxd5 axb5 11. dxc6 bxc6 12. Qc2 Bb7 13. a3 Bxd2 14. Nxd2 O-O
15. Rfc1 Rfe8 16. Qc5 Qd6 17. a4 Qxc5 18. Rxc5 Nd7 19. Rcc1 b4 20. Rc4 Nb6 21.
Rc5 Nd7 22. Rc2 Nb6 23. Nc4 f6 24. Bc1 Nd5 25. Bd2 g5 26. Nb2 Ra6 27. Rac1 Rea8
28. Rc5 Rc8 29. Nc4 Rca8 30. Be1 Kf8 31. Nd2 Nc3 32. Rc2 Ke8 33. Nf1 Nd5 34.
Ng3 Kd7 35. Nxe4 Re8 36. Rxd5+ cxd5 37. Nc5+ Kc8 38. Nxa6 Bxa6 39. Rc5 Rd8 40.
Bxb4 Be2 41. Ba5 Rd7 42. Bb4 Bd1 43. Rc3 Kb7 44. Kf1 Bh5 45. Bc5 Be8 46. f3 f5
47. Bf8 Rf7 48. Bh6 g4 49. Bf4 Kb6 50. Rc5 Bc6 51. a5+ Kb7 52. b4 Rf8 53. b5
1-0

[Event "Brno Open FIDE"]
[Site "?"]
[Date "2016.08.21"]
[Round "1"]
[White "Martisek, Karel"]
[Black "Tikovsky, Alexandr"]
[Result "0-1"]
[WhiteElo "1821"]
[BlackElo "2181"]
[PlyCount "80"]
[EventDate "2016.08.??"]

1. f4 g6 2. Nf3 Bg7 3. e3 d6 4. Bc4 Nf6 5. Nc3 O-O 6. d3 c5 7. Bd2 Nc6 8. a3 a6
9. O-O b5 10. Ba2 e6 11. Ne2 Bb7 12. Qe1 Ne7 13. Rd1 Qb6 14. Ng3 Rac8 15. Kh1
Nc6 16. Ng5 d5 17. e4 c4 18. e5 Ng4 19. h3 Nh6 20. d4 Qxd4 21. c3 Qc5 22. Be3
Qe7 23. Qf2 Nb8 24. Bb1 Nd7 25. Qc2 a5 26. Bd4 b4 27. axb4 axb4 28. h4 bxc3 29.
bxc3 Nc5 30. h5 Nd3 31. Rxd3 cxd3 32. Qxd3 Rc6 33. hxg6 fxg6 34. Nxh7 Qh4+ 35.
Kg1 Ng4 36. Rf3 Qh2+ 37. Kf1 Ba6 38. Ng5 Qh6 39. Qxa6 Rxa6 40. N3e4 Nh2+ 0-1

[Event "Brno Open FIDE"]
[Site "?"]
[Date "2016.08.21"]
[Round "1"]
[White "Von Keyserlingk, Chanda"]
[Black "Pokorny, Petr"]
[Result "0-1"]
[WhiteElo "1794"]
[BlackElo "2176"]
[PlyCount "68"]
[EventDate "2016.08.??"]

1. d4 d5 2. c4 e6 3. Nc3 c6 4. Nf3 dxc4 5. e4 b5 6. a4 Bb4 7. Bd2 Bb7 8. Qb1 a6
9. Be2 Nf6 10. O-O Be7 11. e5 Nd5 12. Ne4 h6 13. Rd1 O-O 14. b3 cxb3 15. Qxb3
Nd7 16. Ne1 f5 17. exf6 N7xf6 18. Nxf6+ Bxf6 19. Nf3 Qd6 20. Re1 Rfe8 21. Rad1
Nb6 22. axb5 cxb5 23. Ne5 Qd5 24. Qg3 Bh4 25. Qg6 Bxf2+ 26. Kxf2 Qxd4+ 27. Kf1
Qxe5 28. Bf3 Qc7 29. Rc1 Nc4 30. Bxh6 Bxf3 31. gxf3 Qf7 32. Qg3 Rf8 33. Rc3 Qf6
34. Rxe6 Qxc3 0-1

[Event "Brno Open FIDE"]
[Site "?"]
[Date "2016.08.21"]
[Round "1"]
[White "Meszaros, Ludek"]
[Black "Blazek, Pavel"]
[Result "1-0"]
[WhiteElo "2128"]
[BlackElo "1755"]
[PlyCount "87"]
[EventDate "2016.08.??"]

1. e4 e5 2. Nf3 Nc6 3. Bb5 a6 4. Ba4 Nf6 5. O-O Be7 6. Re1 b5 7. Bb3 d6 8. c3
O-O 9. h3 Na5 10. Bc2 c5 11. d4 cxd4 12. cxd4 Nc6 13. Nc3 Bd7 14. d5 Nb4 15.
Bb1 a5 16. a3 Na6 17. Nxe5 dxe5 18. d6 Bc6 19. dxe7 Qxe7 20. Bg5 Rfd8 21. Qe2
b4 22. Nd5 Bxd5 23. exd5 Re8 24. Bd3 Nc7 25. axb4 Qxb4 26. Bxf6 gxf6 27. Be4 f5
28. Bxf5 Qh4 29. d6 Qg5 30. Bxh7+ Kxh7 31. dxc7 e4 32. Ra3 Rac8 33. Rg3 Qf5 34.
Rc1 Re7 35. Rgc3 Qe5 36. Qc2 f5 37. Rc5 Qf4 38. Qc4 Rg7 39. Qe2 Rgxc7 40. Qh5+
Kg7 41. Rd1 Rh8 42. Rxc7+ Qxc7 43. Qg5+ Kf8 44. Rd8+ 1-0

[Event "Brno Open FIDE"]
[Site "?"]
[Date "2016.08.21"]
[Round "1"]
[White "Habina, Martin"]
[Black "Fryda, Dominik"]
[Result "1-0"]
[WhiteElo "1991"]
[BlackElo "1640"]
[PlyCount "53"]
[EventDate "2016.08.??"]

1. d4 Nf6 2. Bg5 e6 3. e4 Be7 4. e5 Nd5 5. Bxe7 Nxe7 6. Nf3 d5 7. Bd3 c5 8. c3
cxd4 9. cxd4 Nbc6 10. Nc3 Nf5 11. Bxf5 exf5 12. Qb3 O-O 13. Qxd5 Be6 14. Qxd8
Raxd8 15. O-O-O Nb4 16. Kb1 a6 17. a3 Nd5 18. Rd2 Rc8 19. Rc1 Nb6 20. Ne1 Nc4
21. Rdd1 f4 22. Nd3 Bf5 23. Nd5 Rfe8 24. Ka2 f3 25. gxf3 Kf8 26. Nc5 Na5 27.
Ne3 1-0

[Event "Brno Open FIDE"]
[Site "?"]
[Date "2016.08.21"]
[Round "1"]
[White "Koci, Tomas"]
[Black "Pribyl, Rene"]
[Result "1/2-1/2"]
[WhiteElo "1569"]
[BlackElo "1989"]
[PlyCount "87"]
[EventDate "2016.08.??"]

1. d4 d5 2. c4 e6 3. Nf3 Nf6 4. g3 c6 5. Bg2 dxc4 6. O-O b5 7. a4 Bb7 8. Ne5 a6
9. Bg5 Be7 10. Nc3 Nd5 11. Bxe7 Qxe7 12. e4 Nxc3 13. bxc3 Nd7 14. Nxd7 Qxd7 15.
Re1 O-O 16. Ra2 Qc7 17. d5 Rfd8 18. Rd2 cxd5 19. exd5 Bxd5 20. Bxd5 Rxd5 21.
Rxd5 exd5 22. axb5 axb5 23. Qxd5 Rb8 24. Qxb5 g6 25. Re8+ Rxe8 26. Qxe8+ Kg7
27. Qe4 h5 28. Qd4+ f6 29. h4 Qc6 30. Qa7+ Kh6 31. Qe3+ g5 32. f3 Qd5 33. Kf2
Qe5 34. hxg5+ Qxg5 35. Qd4 Kg6 36. Qxc4 Qd2+ 37. Qe2 Qxc3 38. Qe8+ Kh6 39. Qe3+
Qxe3+ 40. Kxe3 Kg5 41. Ke4 h4 42. gxh4+ Kxh4 43. Kf5 Kg3 44. Kxf6 1/2-1/2

[Event "Brno Open FIDE"]
[Site "?"]
[Date "2016.08.21"]
[Round "1"]
[White "Brda, Vlastimil"]
[Black "Stehlik, Jiri"]
[Result "0-1"]
[WhiteElo "1246"]
[BlackElo "1968"]
[PlyCount "93"]
[EventDate "2016.08.??"]

1. Nf3 Nf6 2. d4 c5 3. Bf4 cxd4 4. Nxd4 e5 5. Bxe5 Qa5+ 6. c3 Qxe5 7. Nd2 a6 8.
e3 d5 9. Bd3 Nc6 10. N4f3 Qc7 11. Nb3 Bg4 12. Be2 Bd6 13. Nbd2 O-O 14. Nf1 Rad8
15. Nd4 Bxe2 16. Qxe2 Nxd4 17. cxd4 Bb4+ 18. Nd2 Ne4 19. O-O Nxd2 20. Rac1 Qd6
21. Rfd1 Ne4 22. Rc2 Rc8 23. Rdc1 Qd7 24. a3 Bd6 25. Qh5 Rxc2 26. Rxc2 Rc8 27.
Rxc8+ Qxc8 28. g3 Nf6 29. Qe2 h5 30. f3 Qc6 31. Kg2 a5 32. h4 b5 33. Qd1 a4 34.
Qd2 Qc4 35. Qd1 g6 36. g4 Kg7 37. g5 Nd7 38. f4 f5 39. Kf2 Nb6 40. Qd2 b4 41.
Kg3 Qb3 42. axb4 Bxb4 43. Qe2 Nc4 44. Kf3 Qxb2 45. Qd1 Qb3 46. Qc1 Bd2 47. Ke2
0-1

[Event "Brno Open FIDE"]
[Site "?"]
[Date "2016.08.21"]
[Round "1"]
[White "Spodny, Josef"]
[Black "Macurek, Miloslav"]
[Result "1/2-1/2"]
[WhiteElo "1929"]
[BlackElo "1688"]
[PlyCount "42"]
[EventDate "2016.08.??"]

1. e4 e6 2. d4 d5 3. e5 c5 4. c3 Nc6 5. Nf3 Qb6 6. a3 cxd4 7. cxd4 Nge7 8. Bd3
Bd7 9. Bc2 Nf5 10. Bxf5 exf5 11. Nc3 Be6 12. O-O Be7 13. b4 a6 14. Be3 O-O 15.
Na4 Qa7 16. Rc1 Rac8 17. Nc5 b6 18. Nd3 Qb7 19. Qd2 Na7 20. Qb2 Rxc1 21. Rxc1
Rc8 1/2-1/2

[Event "Brno Open FIDE"]
[Site "?"]
[Date "2016.08.21"]
[Round "2"]
[White "Vyskocil, Neklan"]
[Black "Meszaros, Ludek"]
[Result "1/2-1/2"]
[WhiteElo "2318"]
[BlackElo "2128"]
[PlyCount "90"]
[EventDate "2016.08.??"]

1. e4 c5 2. Nf3 d6 3. d4 cxd4 4. Qxd4 Bd7 5. c4 Nc6 6. Qd2 g6 7. Be2 Bg7 8. O-O
Nf6 9. Nc3 O-O 10. Rb1 Rc8 11. b3 Bg4 12. Bb2 a6 13. h3 Bxf3 14. Bxf3 Qa5 15.
Rfd1 b5 16. cxb5 axb5 17. a3 b4 18. Nd5 Nxd5 19. exd5 Bxb2 20. axb4 Nxb4 21.
Rxb2 Rc7 22. h4 Qc5 23. Qh6 Qc3 24. Rbb1 Qg7 25. Qf4 Rb8 26. Rd4 Rcb7 27. Rc1
f5 28. Be2 Qe5 29. Qd2 Rb6 30. Bc4 Qf6 31. Re1 Nc2 32. Qxc2 Qxd4 33. Rxe7 Qxh4
34. Qe2 Kf8 35. Re6 Qd4 36. g3 Qg7 37. Qe3 Qd7 38. Qg5 Re8 39. Qf6+ Kg8 40. Kg2
Rf8 41. Qg5 Rf7 42. Qf4 Re7 43. Qd4 Rb8 44. Qf6 Rf7 45. Rxd6 Rxf6 1/2-1/2

[Event "Brno Open FIDE"]
[Site "?"]
[Date "2016.08.21"]
[Round "2"]
[White "Stehlik, Jiri"]
[Black "Chudinovskis, Alexander"]
[Result "0-1"]
[WhiteElo "1968"]
[BlackElo "2258"]
[PlyCount "90"]
[EventDate "2016.08.??"]

1. d4 Nf6 2. Nf3 g6 3. Nc3 d5 4. Bf4 Bg7 5. e3 O-O 6. Be2 b6 7. Ne5 Bb7 8. h4
Nbd7 9. h5 Ne4 10. hxg6 hxg6 11. Nxe4 dxe4 12. Bc4 Nxe5 13. dxe5 Qxd1+ 14. Rxd1
e6 15. Rd4 Rac8 16. Ke2 Bc6 17. Rd2 b5 18. Bb3 a5 19. a3 Rfd8 20. Rhd1 Rxd2+
21. Rxd2 g5 22. Bxg5 Bxe5 23. c3 b4 24. axb4 axb4 25. c4 Kf8 26. Bf4 Bf6 27.
Kd1 Be7 28. Kc1 Bc5 29. Rd1 f6 30. Rh1 Kg7 31. g4 e5 32. Bg3 Kg6 33. Kb1 Rd8
34. Bc2 Rb8 35. Bb3 Bd6 36. Kc1 Bd7 37. Rh4 Bf8 38. Bc2 Bc6 39. b3 Bc5 40. Kb2
Rd8 41. Kc1 Rb8 42. Kb1 Rd8 43. Kc1 Rg8 44. Kb2 Bd6 45. Kc1 Kf7 {
a èerný vyhrál v 86. tahu.} 0-1

[Event "Brno Open FIDE"]
[Site "?"]
[Date "2016.08.21"]
[Round "2"]
[White "Pribyl, Rene"]
[Black "Marsa, Alexandr"]
[Result "1-0"]
[WhiteElo "1989"]
[BlackElo "1000"]
[PlyCount "103"]
[EventDate "2016.08.??"]

1. d4 e6 2. c4 Nf6 3. Nc3 d5 4. Bg5 Be7 5. e3 h6 6. Bh4 O-O 7. Nf3 Nbd7 8. a3
Re8 9. b4 a5 10. c5 c6 11. Bd3 axb4 12. axb4 Rxa1 13. Qxa1 e5 14. dxe5 Ng4 15.
Bg3 Bf8 16. Ne2 Qe7 17. Bf5 Ndxe5 18. Bxg4 Nxg4 19. O-O Bf5 20. h3 Bd3 21. Qd1
Nxe3 22. Qxd3 Nxf1 23. Kxf1 b6 24. Bd6 Qa7 25. Bxf8 Rxf8 26. Qc3 bxc5 27. Qxc5
Qa1+ 28. Qc1 Ra8 29. Qxa1 Rxa1+ 30. Ne1 Rd1 31. Nc3 Rd3 32. Na2 Rd2 33. Nc1 Kf8
34. Ned3 Ke7 35. Ke1 Rc2 36. Kd1 Rc4 37. Kd2 Kd6 38. Ne2 Re4 39. Ng3 Re8 40.
Nf5+ Kc7 41. Nxg7 Rg8 42. Nf5 Rxg2 43. Nxh6 Rh2 44. Nxf7 Rxh3 45. f4 d4 46. Kc2
Rf3 47. Nfe5 Rf1 48. Kb3 Kb6 49. Kc4 Rd1 50. Kxd4 Kb5 51. Ke4 Rf1 52. Kf5 1-0

[Event "Brno Open FIDE"]
[Site "?"]
[Date "2016.08.21"]
[Round "2"]
[White "Mencik, Pavel"]
[Black "Haupt, Jaromir"]
[Result "1-0"]
[WhiteElo "1893"]
[BlackElo "1740"]
[PlyCount "157"]
[EventDate "2016.08.??"]

1. e4 d6 2. d4 Nf6 3. Nc3 g6 4. Bg5 c6 5. Bd3 Bg7 6. Qd2 a6 7. Nge2 b5 8. O-O
O-O 9. Bh6 c5 10. e5 Bxh6 11. Qxh6 Ng4 12. Qf4 cxd4 13. Qxd4 Nc6 14. Qe4 Ngxe5
15. f4 Qb6+ 16. Kh1 Bf5 17. Qd5 Be6 18. Qe4 f5 19. Nd5 fxe4 20. Nxb6 exd3 21.
Nxa8 Rxa8 22. Ng3 Nc4 23. cxd3 Nxb2 24. Rac1 Rc8 25. f5 gxf5 26. Nxf5 Bxf5 27.
Rxf5 Nxd3 28. Rcf1 Nce5 29. g4 Rc1 30. Rf8+ Kg7 31. Rxc1 Nxc1 32. Ra8 Nxa2 33.
Rxa6 Nc3 34. Ra3 b4 35. Rb3 Nd5 36. h3 Kf6 37. Kh2 Ke6 38. Kg3 Nc6 39. Rb1 Nd4
40. Rc1 Kf7 41. Rd1 e5 42. h4 Ne3 43. Rd3 Ndc2 44. Rxd6 b3 45. Rd7+ Ke6 46.
Rxh7 b2 47. Rh6+ Kd5 48. Rb6 Nd1 49. Rb8 Na3 50. h5 Ke6 51. h6 b1=Q 52. Rxb1
Nxb1 53. h7 Nd2 54. h8=Q Kd5 55. Qa8+ Kd4 56. Qa1+ Kd3 57. g5 Ne4+ 58. Kh4 Ne3
59. Qb1+ Kd4 60. Kh5 Ng3+ 61. Kg6 e4 62. Kf7 Nef5 63. g6 e3 64. g7 Nxg7 65.
Kxg7 e2 66. Qe1 Kd3 67. Qxg3+ Kd2 68. Qf2 Kd1 69. Qd4+ Ke1 70. Kg6 Kf1 71. Qf4+
Kg2 72. Qe3 Kf1 73. Qf3+ Ke1 74. Kg5 Kd2 75. Qf2 Kd1 76. Qd4+ Ke1 77. Kg4 Kf1
78. Qf4+ Kg1 79. Kh3 1-0

[Event "Brno Open FIDE"]
[Site "?"]
[Date "2016.08.21"]
[Round "2"]
[White "Fryda, Dominik"]
[Black "Von Keyserlingk, Chanda"]
[Result "0-1"]
[WhiteElo "1640"]
[BlackElo "1794"]
[PlyCount "76"]
[EventDate "2016.08.??"]

1. f4 d5 2. Nf3 Nf6 3. e3 e6 4. Be2 Be7 5. b3 b6 6. Bb2 Ba6 7. O-O Bxe2 8. Qxe2
O-O 9. Ne5 Nfd7 10. Qg4 f5 11. Qe2 Nf6 12. d3 Qe8 13. Nd2 Bc5 14. Ndf3 Ng4 15.
Nxg4 fxg4 16. Ne5 h5 17. Kh1 Nc6 18. d4 Bd6 19. e4 Ne7 20. Rae1 c5 21. c4 cxd4
22. Bxd4 Bb4 23. Rc1 Rc8 24. Nd3 Ba3 25. Rc3 Nc6 26. Qe3 Nxd4 27. Qxd4 Bc5 28.
Qe5 d4 29. Rc2 Rf6 30. b4 Be7 31. Qxd4 Rd8 32. Qe3 Qa4 33. Rfc1 Bxb4 34. Nxb4
Qxb4 35. c5 bxc5 36. Rxc5 Rxf4 37. g3 {(R)} Rxe4 38. Qg5 Re1+ 0-1

[Event "Brno Open FIDE"]
[Site "?"]
[Date "2016.08.21"]
[Round "2"]
[White "Koci, Milos"]
[Black "Zejda, Karel"]
[Result "1-0"]
[WhiteElo "1251"]
[BlackElo "1772"]
[PlyCount "117"]
[EventDate "2016.08.??"]

1. d4 d5 2. Bf4 Nf6 3. Nf3 e6 4. e3 Be7 5. Nbd2 O-O 6. Be2 b6 7. O-O Bb7 8. a3
Nbd7 9. h3 Nh5 10. Bh2 f5 11. Ne5 Nhf6 12. Nef3 Ne4 13. Rc1 Rc8 14. c3 Qe8 15.
Bb5 c6 16. Be2 Qg6 17. Ne5 Qe8 18. Ndf3 Nxe5 19. Nxe5 Bf6 20. Nf3 Qe7 21. Bf4
g5 22. Be5 Rf7 23. Bxf6 Qxf6 24. Ne5 Rg7 25. Bh5 Ba6 26. Re1 Rgc7 27. Qa4 Bb5
28. Qd1 c5 29. a4 Ba6 30. Be2 Bb7 31. Bd3 Nd6 32. Qf3 Qg7 33. Rc2 c4 34. Be2
Ne4 35. Bf1 Rf8 36. g3 Qe7 37. Qh5 Qg7 38. Bg2 Nf6 39. Qe2 Qe7 40. Rf1 {(R)}
Qe8 41. Ra1 a6 42. Bf3 Rg7 43. Rcc1 g4 44. hxg4 fxg4 45. Bxg4 Nxg4 46. Nxg4 Bc6
47. Kg2 Kh8 48. Rh1 Bxa4 49. Rh6 a5 50. Rah1 Bd7 51. Nf6 Rxf6 52. Rxf6 Qe7 53.
Qf3 Kg8 54. Qf4 b5 55. Qb8+ Be8 56. Rhh6 Rg6 57. Rfxg6+ hxg6 58. Rxg6+ Kh7 59.
Rg4 1-0

[Event "Brno Open FIDE"]
[Site "?"]
[Date "2016.08.21"]
[Round "2"]
[White "Blazek, Pavel"]
[Black "Brda, Vlastimil"]
[Result "1-0"]
[WhiteElo "1755"]
[BlackElo "1246"]
[PlyCount "70"]
[EventDate "2016.08.??"]

1. e4 e5 2. Nf3 Nc6 3. c3 Bc5 4. d4 exd4 5. cxd4 Bb4+ 6. Bd2 Qe7 7. Bd3 Nf6 8.
O-O O-O 9. e5 Nd5 10. a3 Ba5 11. Bxa5 Nxa5 12. b4 Nc6 13. Be4 Nb6 14. Re1 Nd8
15. Qc2 Ne6 16. Bxh7+ Kh8 17. Bd3 Nd5 18. g3 c6 19. Re4 g6 20. Nbd2 b5 21. Rh4+
Kg7 22. Ne4 Rh8 23. Rg4 Bb7 24. Nd6 Nxd4 25. Nxd4 Rh6 26. N4f5+ Kf8 27. Nxe7
Kxe7 28. Nxb7 Rah8 29. Qc5+ Ke8 30. Nd6+ Kf8 31. Nf5+ Kg8 32. Nxh6+ Rxh6 33.
Qxa7 Rh5 34. Qxd7 Rxe5 35. Bxg6 Ne7 1-0

[Event "Brno Open FIDE"]
[Site "?"]
[Date "2016.08.22"]
[Round "3"]
[White "Fojtik, Tomas"]
[Black "Vyskocil, Neklan"]
[Result "0-1"]
[WhiteElo "2061"]
[BlackElo "2318"]
[PlyCount "60"]
[EventDate "2016.08.??"]

1. d4 Nf6 2. Nf3 c5 3. d5 b5 4. Bg5 Qa5+ 5. c3 d6 6. Nfd2 Nbd7 7. e4 Rb8 8. f3
{(K rovné høe vede} (8. a4 b4 9. Nc4 Qc7 10. Bd3 e6) 8... g6 {(Zajímavé bylo} (
8... h6 $5 9. Be3 Ne5 10. Be2 g5 $5) 9. Be2 Bg7 10. Qc1 O-O 11. O-O c4 12. Na3
Qb6+ 13. Kh1 Ne5 (13... h6 $1 14. Bh4 Nc5 15. Bf2 Qc7 16. Nc2 Bd7 {
s iniciativou èerného)}) 14. Nc2 e6 15. dxe6 fxe6 {(Nic èernému nedává} (15...
Bxe6 16. Be3 Qb7 17. a4) 16. Be3 Qc7 17. Rd1 Bd7 18. Nf1 d5 19. exd5 Nxd5 20.
Bh6 $6 {(Správné bylo} (20. Ng3 {napø.} b4 21. Nxb4 Nxe3 22. Qxe3 Qb6 23. Qxb6
Rxb6 24. Ne4 a5 25. Nc5 {s rovnými vyhlídkami)}) 20... Bxh6 21. Qxh6 Nf4 22.
Ng3 $6 {(Krok na zcestí. Nutné bylo} (22. Rd2 Bc6) 22... Nxe2 {
(Jestì dùraznìji vyhlízí varianta} (22... Bc6 23. Nd4 Ng4 24. fxg4 Bxg2+ 25.
Kg1 Qb7 26. Kf2 e5 27. Ndf5 Nxe2 28. Kxe2 Bf3+ 29. Ke1 gxf5 30. Qg5+ Kh8 31.
gxf5 Bxd1 32. Rxd1 b4 {s výhrou èerného)}) 23. Nxe2 Nd3 24. Rdb1 e5 25. Qe3
Rbe8 26. Ne1 {(Ani jiné tahy uz nepomáhají, napø.} (26. Ng3 Bc6 {nebo}) (26.
Kg1 Bc6 27. b3 e4 {atd.)}) 26... e4 27. f4 (27. fxe4 Rxe4 $1) 27... Nxf4 28.
Nxf4 Qxf4 29. Qxa7 {(Nebo} (29. Nc2 Qf2 30. Rc1 Bc6 31. b3 Rd8 {
a bude brzy konec)}) 29... Qf1+ 30. Qg1 Qe2 {
Bílý ztrácí nejménì figuru a proto se vzdal.} 0-1

[Event "Brno Open FIDE"]
[Site "?"]
[Date "2016.08.22"]
[Round "3"]
[White "Chudinovskis, Alexander"]
[Black "Snorek, Milan"]
[Result "1/2-1/2"]
[WhiteElo "2258"]
[BlackElo "2012"]
[PlyCount "27"]
[EventDate "2016.08.??"]

1. Nf3 d5 2. d4 Nf6 3. c4 dxc4 4. e3 e6 5. Bxc4 c5 6. O-O a6 7. a4 Nc6 8. Qe2
Qc7 9. Nc3 Bd6 10. Bd2 O-O 11. Rac1 b6 12. Rfd1 Bb7 13. h3 Rfd8 14. dxc5
1/2-1/2

[Event "Brno Open FIDE"]
[Site "?"]
[Date "2016.08.22"]
[Round "3"]
[White "Habina, Martin"]
[Black "Dambrauskas, Virginijus"]
[Result "0-1"]
[WhiteElo "1991"]
[BlackElo "2243"]
[PlyCount "66"]
[EventDate "2016.08.??"]

1. e4 c5 2. d4 cxd4 3. c3 d3 4. Bxd3 Qc7 5. f4 e6 6. c4 b6 7. Be3 Bb7 8. Nd2 d6
9. Ngf3 Nf6 10. Nd4 Nbd7 11. b4 a6 12. O-O e5 13. Nf5 g6 14. Ng3 a5 15. fxe5
dxe5 16. bxa5 bxa5 17. Kh1 Bg7 18. Rb1 O-O 19. c5 Ba6 20. Bxa6 Rxa6 21. Rc1 Rc6
22. Qa4 Nxc5 23. Rxc5 Rxc5 24. Bxc5 Qxc5 25. Nb3 Qc2 26. Rc1 Rd8 27. h3 Rd1+
28. Rxd1 Qxd1+ 29. Kh2 Bh6 30. Nc5 Qxa4 31. Nxa4 Bf4 32. Nc3 Nh5 33. Nce2 Nxg3
0-1

[Event "Brno Open FIDE"]
[Site "?"]
[Date "2016.08.22"]
[Round "3"]
[White "Dvorak, Adam"]
[Black "Pribyl, Rene"]
[Result "0-1"]
[WhiteElo "2211"]
[BlackElo "1989"]
[PlyCount "52"]
[EventDate "2016.08.??"]

1. b3 c5 2. Bb2 Nc6 3. e3 Nf6 4. Nf3 e6 5. Be2 d5 6. O-O Be7 7. d4 cxd4 8. Nxd4
O-O 9. Nd2 Nxd4 10. exd4 b6 11. Bd3 a5 12. Qe2 Bb7 13. f4 Re8 14. Rf3 Qc8 15.
Rh3 Ba6 16. Bxh7+ Nxh7 17. c4 g6 18. g4 Nf6 19. Rf1 Kg7 20. f5 exf5 21. gxf5
Ba3 22. Qf2 Bxb2 23. fxg6 Qg4+ 24. Kh1 Bxd4 25. Rh7+ Kxg6 26. Rh4 Bxf2 0-1

[Event "Brno Open FIDE"]
[Site "?"]
[Date "2016.08.22"]
[Round "3"]
[White "Meszaros, Ludek"]
[Black "Tikovsky, Alexandr"]
[Result "1/2-1/2"]
[WhiteElo "2128"]
[BlackElo "2181"]
[PlyCount "139"]
[EventDate "2016.08.??"]

1. d4 g6 2. c4 Bg7 3. e4 d6 4. Nc3 e5 5. dxe5 dxe5 6. Qxd8+ Kxd8 7. Bg5+ f6 8.
O-O-O+ Nd7 9. Be3 Bh6 10. Bxh6 Nxh6 11. Be2 c6 12. h4 Kc7 13. Bf3 Nc5 14. Nge2
Be6 15. b3 a5 16. Kc2 a4 17. Nc1 axb3+ 18. axb3 Bc8 19. N1e2 Bg4 20. Ra1 Be6
21. Rhb1 Rhd8 22. Rxa8 Rxa8 23. Nc1 Na6 24. Nd3 b6 25. Kd2 Rd8 26. Ke3 Nf7 27.
Be2 Nd6 28. f4 exf4+ 29. Nxf4 Bg8 30. Nd3 Re8 31. Kf4 h6 32. Bf3 g5+ 33. Kg3
Bh7 34. hxg5 hxg5 35. Re1 Nc5 36. Nxc5 bxc5 37. Na4 Re5 38. Nc3 Bg6 39. Kf2 Kb6
40. Ra1 Nxe4+ 41. Bxe4 Bxe4 42. Re1 Bc2 43. Rxe5 fxe5 44. Na4+ Ka5 45. Nxc5 Kb4
46. Nd7 e4 47. Ke3 Kxb3 48. Kd4 e3 49. Kxe3 Kxc4 50. Ne5+ Kd5 51. Nf3 g4 52.
Nd4 Ba4 53. Ne2 Ke5 54. Nc3 Bb3 55. g3 Bd5 56. Na4 Be6 57. Nb2 Kd5 58. Nd3 Bd7
59. Nb4+ Kc4 60. Nd3 Kb5 61. Kd4 Bc8 62. Nc5 Kb4 63. Ne4 Ba6 64. Nc5 Be2 65.
Ne4 Bf3 66. Nc5 Bd5 67. Nd7 Kb3 68. Kc5 Kc3 69. Ne5 Bf3 70. Nxg4 1/2-1/2

[Event "Brno Open FIDE"]
[Site "?"]
[Date "2016.08.22"]
[Round "3"]
[White "Popper, Tomas"]
[Black "Mencik, Pavel"]
[Result "1-0"]
[WhiteElo "2043"]
[BlackElo "1893"]
[PlyCount "67"]
[EventDate "2016.08.??"]

1. b4 e5 2. Bb2 Nf6 3. Bxe5 Nc6 4. Bb2 Bxb4 5. Nf3 O-O 6. e3 d6 7. Be2 Bf5 8.
O-O h6 9. d3 Re8 10. a3 Ba5 11. c4 Ng4 12. h3 Nge5 13. d4 Ng6 14. Nc3 a6 15.
Rc1 Rb8 16. Bd3 Bxd3 17. Qxd3 Qd7 18. Kh2 Nce7 19. g3 c6 20. e4 b5 21. cxb5
axb5 22. Nd1 Rb7 23. Ne3 Reb8 24. Ne1 Bc7 25. f4 d5 26. e5 b4 27. a4 Ra7 28. f5
Nf8 29. f6 gxf6 30. Rxf6 Nfg6 31. Ng4 Kg7 32. Qd2 Rxa4 33. Qxh6+ Kg8 34. Rxg6+
1-0

[Event "Brno Open FIDE"]
[Site "?"]
[Date "2016.08.22"]
[Round "3"]
[White "Janous, Petr"]
[Black "Zikan, Karel"]
[Result "1-0"]
[WhiteElo "1918"]
[BlackElo "1725"]
[PlyCount "41"]
[EventDate "2016.08.??"]

1. d4 Nf6 2. Nf3 e6 3. e3 d5 4. Bd3 c6 5. O-O Nbd7 6. Nbd2 Bd6 7. c3 O-O 8. e4
dxe4 9. Nxe4 Nxe4 10. Bxe4 e5 11. dxe5 Bxe5 12. Nxe5 Nxe5 13. Bxh7+ Kxh7 14.
Qh5+ Kg8 15. Qxe5 Re8 16. Qg3 Bf5 17. Be3 Qa5 18. Bd4 Bg6 19. b4 Qa6 20. Rad1
Qxa2 21. f4 1-0